Guide to RIBA agreements 2010 (Record no. 110984)

MARC details
000 -LEADER
fixed length control field 00843cam a22002415a 4500
001 - CONTROL NUMBER
control field L150809
008 - FIXED-LENGTH DATA ELEMENTS--GENERAL INFORMATION
fixed length control field 100907s2010 xxk f 000 0 eng d
020 ## - INTERNATIONAL STANDARD BOOK NUMBER
International Standard Book Number 9781859463482
035 ## - SYSTEM CONTROL NUMBER
System control number (Sirsi) u150809
041 0# - LANGUAGE CODE
Language code of text/sound track or separate title eng
050 04 - LIBRARY OF CONGRESS CALL NUMBER
Classification number 692.8 $2 18
110 2# - MAIN ENTRY--CORPORATE NAME
Corporate name or jurisdiction name as entry element Royal Institute of British Architects
9 (RLIN) 2527
245 00 - TITLE STATEMENT
Title Guide to RIBA agreements 2010
260 ## - PUBLICATION, DISTRIBUTION, ETC.
Place of publication, distribution, etc. London
Name of publisher, distributor, etc. RIBA
Date of publication, distribution, etc. 2010
300 ## - PHYSICAL DESCRIPTION
Extent 83p.
Dimensions 30cm.
520 ## - SUMMARY, ETC.
Summary, etc. Provides guidance on using the RIBA Agreements 2010, which is a suite of contracts for professional services. Should be read in conjunction with "Notes and Model Letters" which accompany each of the contracts in the suite.
590 ## - LOCAL NOTE (RLIN)
Local note KA
651 #4 - SUBJECT ADDED ENTRY--GEOGRAPHIC NAME
Geographic name England and Wales
Chronological subdivision 1543-
690 ## - LOCAL SUBJECT ADDED ENTRY--TOPICAL TERM (OCLC, RLIN)
Topical term or geographic name as entry element Project management
9 (RLIN) 6261
690 ## - LOCAL SUBJECT ADDED ENTRY--TOPICAL TERM (OCLC, RLIN)
Topical term or geographic name as entry element BUILT ENVIRONMENT-BUILDING CONTRACT FORMS
942 ## - ADDED ENTRY ELEMENTS (KOHA)
Suppress in OPAC 0
Holdings
Withdrawn status Lost status Source of classification or shelving scheme Damaged status Not for loan Home library Current library Shelving location Date acquired Cost, normal purchase price Total Checkouts Full call number Barcode Date last seen Copy number Cost, replacement price Price effective from Koha item type
    Dewey Decimal Classification     London London Folio 26/10/2010 17.00   F692.8 ROY 30075495 06/08/2019 1 17.00 06/08/2019 Book